000 00933nam a2200181Ia 4500
008 100920s9999 xx 000 0 und d
082 _b21435
_a51 थ 70
100 _aसूर्यवंशी कृ.गो.
245 _aबहुजन हिताय बहुजन सुखाय बाळासाहेब देसाई यांची जीवन कथा.
260 _bजगताप-कारले प्रकाशन, पुणे 2.
_c1970
300 _a387
_bसाधी
365 _b15
520 _aचरित्र.
630 _aबहुजन हिताय बहुजन सुखाय बाळासाहेब देसाई यांची जीवन कथा.
650 _aचरित्र.
730 _aबहुजन हिताय बहुजन सुखाय बाळासाहेब देसाई यांची जीवन कथा.
942 _cBOOK
999 _c681421
_d681418